Analysis of Alvims phytotensiometer curves by linear regression (Record no. 54210)

MARC details
000 -LEADER
fixed length control field 00361nam a2200133Ia 4500
100 ## - MAIN ENTRY--AUTHOR NAME
Personal name Conforto E De C
245 #0 - TITLE STATEMENT
Title Analysis of Alvims phytotensiometer curves by linear regression
260 ## - PUBLICATION, DISTRIBUTION, ETC. (IMPRINT)
Name of publisher Scientia Agricola
Year of publication 1998
300 ## - PHYSICAL DESCRIPTION
Number of Pages 465-472
700 ## - ADDED ENTRY--PERSONAL NAME
Personal name Castro P R C
700 ## - ADDED ENTRY--PERSONAL NAME
Personal name Cornelio M L
942 ## - ADDED ENTRY ELEMENTS (KOHA)
Koha item type Journals
Holdings
Withdrawn status Lost status Damaged status Not for loan Home library Current library Shelving location Date acquired Serial Enumeration / chronology Koha item type
      Journals RRII Library RRII Library Rubber general 17/12/2021 Volume 55, Issue 3 Journals